[Event "Marburg op-A"]
[Site "Marburg"]
[Date "2023.10.28"]
[Round "4"]
[White "Burkart, Lloyd Shang"]
[Black "Schmidt, Markus"]
[Result "1/2-1/2"]
[WhiteElo "2027"]
[BlackElo "2123"]
[PlyCount "52"]
[EventDate "2023.10.26"]
[EventType "swiss"]
[EventRounds "7"]
[EventCountry "GER"]
[SourceTitle "CB49_2023"]
[SourceDate "2023.12.06"]
[SourceVersion "1"]
[SourceVersionDate "2023.12.06"]
[SourceQuality "1"]

1. d4 Nf6 2. c4 g6 3. Nf3 Bg7 4. Nc3 0-0 5. e3 d6 6. Be2 Nbd7 7. 0-0 b6 8. a3 Bb7 9. Qc2 c5 10. d5 e5 11. e4 Nh5 12. g3 a6 13. Be3 h6 14. Ne1 Nhf6 15. b4 Ne8 16. Bd3 Bc8 17. Ng2 Ndf6 18. f3 Kh8 19. bxc5 bxc5 20. Rfb1 Nh5 21. Nh4 Nf4 22. Bf1 f5 23. Bxf4 exf4 24. Nxg6+ Kg8 25. Nxf8 Kxf8 26. gxf4 Qh4 1/2-1/2

[Event "Rhein Main op-A 25th"]
[Site "Bad Homburg"]
[Date "2023.06.07"]
[Round "1"]
[White "Schmidt, Markus"]
[Black "Ploder, Udo"]
[Result "1-0"]
[WhiteElo "2114"]
[BlackElo "1870"]
[PlyCount "59"]
[EventDate "2023.06.07"]
[EventType "swiss"]
[EventRounds "7"]
[EventCountry "GER"]
[SourceTitle "CBM 215 Extra"]
[Source "ChessBase"]
[SourceDate "2023.09.30"]
[SourceVersion "1"]
[SourceVersionDate "2023.09.30"]
[SourceQuality "1"]

1. Nf3 d5 2. c4 d4 3. b4 g5 4. Bb2 Bg7 5. Nxg5 e5 6. Nh3 Bf5 7. d3 Nf6 8. Nd2 Qe7 9. Qb3 Nbd7 10. 0-0-0 Bh6 11. f3 Bxh3 12. gxh3 Nh5 13. Kb1 Be3 14. Ne4 Qh4 15. Qa4 Kd8 16. Bc1 f5 17. Bxe3 fxe4 18. dxe4 c6 19. Bd2 Qf6 20. Rg1 Kc7 21. Rg5 Ng7 22. h4 h6 23. Rg4 Ne6 24. Bh3 b6 25. Rdg1 Ndf8 26. h5 Qf7 27. c5 Kb7 28. Qb3 Qxh5 29. R1g3 Re8 30. Rg7+ 1-0

[Event "Rhein Main op-A 24th"]
[Site "Bad Homburg"]
[Date "2022.06.19"]
[Round "7"]
[White "Haack, Kevin"]
[Black "Schmidt, Markus"]
[Result "1-0"]
[WhiteElo "2176"]
[BlackElo "2095"]
[PlyCount "101"]
[EventDate "2022.06.15"]
[EventType "swiss"]
[EventRounds "7"]
[EventCountry "GER"]
[SourceTitle "EXT 2023"]
[Source "ChessBase"]
[SourceDate "2022.10.05"]
[SourceVersion "1"]
[SourceVersionDate "2022.10.05"]
[SourceQuality "1"]

1. d4 d5 2. Nf3 Nf6 3. g3 e6 4. Bg2 Be7 5. 0-0 0-0 6. c4 dxc4 7. Ne5 Nc6 8. Bxc6 bxc6 9. Nxc6 Qe8 10. Nxe7+ Qxe7 11. Qa4 e5 12. dxe5 Qxe5 13. Qxc4 Be6 14. Qd3 Rad8 15. Qe3 Qh5 16. f3 Bc4 17. Qf2 Rfe8 18. Nc3 Nd5 19. Re1 Nb4 20. Rb1 Nxa2 21. Nxa2 Bxa2 22. Ra1 Bc4 23. Rxa7 Qe5 24. Ra3 Qb5 25. e4 f5 26. exf5 Rxe1+ 27. Qxe1 Qxf5 28. Re3 Bb5 29. Qc3 Rd3 30. Qxc7 Rxe3 31. Bxe3 Qd3 32. Qb8+ Kf7 33. Qa7+ Kg8 34. Qa8+ Kf7 35. Qb7+ Kg8 36. Qc8+ Kf7 37. Qc1 h6 38. Qe1 Bc6 39. Qf2 Qd5 40. Kg2 g5 41. g4 h5 42. h3 h4 43. Bd4 Bb7 44. Bc3 Bc6 45. Qe3 Bb7 46. Bb4 Bc6 47. Qe7+ Kg8 48. Qf8+ Kh7 49. Bc3 Qd7 50. Qh8+ Kg6 51. Qh5# 1-0

[Event "Frankfurt-chA"]
[Site "Frankfurt"]
[Date "2022.05.30"]
[Round "6"]
[White "Schmidt, Markus"]
[Black "Biegel, Thomas"]
[Result "1-0"]
[WhiteElo "2095"]
[BlackElo "1965"]
[PlyCount "49"]
[EventDate "2022.04.25"]
[EventType "swiss"]
[EventRounds "7"]
[EventCountry "GER"]
[SourceTitle "EXT 2023"]
[Source "ChessBase"]
[SourceDate "2022.10.05"]
[SourceVersion "1"]
[SourceVersionDate "2022.10.05"]
[SourceQuality "1"]

1. c4 c6 2. Nf3 d5 3. e3 Nf6 4. Nc3 Bg4 5. cxd5 Bxf3 6. Qxf3 cxd5 7. Bb5+ Nc6 8. d4 Rc8 9. 0-0 e6 10. Bd2 Be7 11. Rfc1 0-0 12. Qe2 a6 13. Bd3 b5 14. Nd1 Qb6 15. a4 Rb8 16. axb5 axb5 17. Nc3 Na7 18. e4 dxe4 19. Nxe4 Rfc8 20. Nxf6+ Bxf6 21. Qe4 g6 22. Be3 Rxc1+ 23. Rxc1 Qb7 24. Qf4 Bd8 25. Be4 1-0

[Event "Deizisau Autumn op 15th"]
[Site "Deizisau"]
[Date "2021.10.31"]
[Round "4"]
[White "Coellen, Florian"]
[Black "Schmidt, Markus"]
[Result "0-1"]
[WhiteElo "1922"]
[BlackElo "1752"]
[PlyCount "64"]
[EventDate "2021.10.29"]
[EventType "swiss"]
[EventRounds "7"]
[EventCountry "GER"]
[SourceTitle "EXT 2023"]
[Source "ChessBase"]
[SourceDate "2022.10.05"]
[SourceVersion "1"]
[SourceVersionDate "2022.10.05"]
[SourceQuality "1"]

1. d4 d5 2. c4 c6 3. Nc3 e6 4. e3 Nf6 5. Nf3 Nbd7 6. Bd3 dxc4 7. Bxc4 b5 8. Bd3 Bb7 9. 0-0 a6 10. a3 c5 11. dxc5 Nxc5 12. Be2 Qc7 13. b4 Rd8 14. Qe1 Ncd7 15. Bb2 Bd6 16. h3 0-0 17. Rc1 Qb6 18. Qd2 Be7 19. Qc2 Rc8 20. Qb1 Rfd8 21. Rfd1 Qa7 22. Bd3 Bxf3 23. gxf3 Ne5 24. Be2 Qb7 25. Ne4 Nxe4 26. Bxe5 Rxd1+ 27. Bxd1 Nd2 28. Qa1 Rd8 29. Rc7 Nxf3+ 30. Bxf3 Qxf3 31. Qf1 Rd1 32. Rc8+ Bf8 0-1

[Event "GER-ch Net blitz qual1"]
[Site "Playchess.com INT"]
[Date "2021.04.24"]
[Round "11"]
[White "Schmidt, Markus"]
[Black "Bluebaum, Johanna"]
[Result "1-0"]
[WhiteElo "1620"]
[BlackElo "1853"]
[PlyCount "75"]
[EventDate "2021.04.24"]
[EventType "swiss (blitz)"]
[EventRounds "11"]
[EventCountry "GER"]
[SourceTitle "CBM 202 Extra"]
[Source "ChessBase"]
[SourceDate "2021.07.31"]
[SourceVersion "1"]
[SourceVersionDate "2021.07.31"]
[SourceQuality "1"]

1. c4 c5 2. g3 Nc6 3. Bg2 Nf6 4. Nf3 e6 5. 0-0 Be7 6. d4 cxd4 7. Nxd4 0-0 8. Nc3 e5 9. Nf5 Bc5 10. Ne3 d6 11. Ned5 Bf5 12. Bg5 h6 13. Bxf6 gxf6 14. Qd2 Kg7 15. a3 Nd4 16. Rad1 Nb3 17. Qe1 Bc2 18. e3 f5 19. e4 Bxd1 20. Qxd1 Nd4 21. exf5 Qg5 22. f6+ Kh8 23. Ne4 Qg6 24. Nd2 Rg8 25. Be4 Qg5 26. Nf3 Nxf3+ 27. Qxf3 Qg4 28. Qd3 Rg5 29. b4 Bb6 30. a4 Bd8 31. f4 exf4 32. Rxf4 Qe6 33. Rh4 h5 34. Rf4 Rg4 35. Rxg4 hxg4 36. Qe3 Kg8 37. Qh6 Qxe4 38. Qg7# 1-0

[Event "GER-ch Net blitz qual1"]
[Site "Playchess.com INT"]
[Date "2021.04.24"]
[Round "2"]
[White "Schmidt, Markus"]
[Black "Dahl, Christoph"]
[Result "1-0"]
[WhiteElo "1620"]
[BlackElo "2246"]
[PlyCount "115"]
[EventDate "2021.04.24"]
[EventType "swiss (blitz)"]
[EventRounds "11"]
[EventCountry "GER"]
[SourceTitle "CBM 202 Extra"]
[Source "ChessBase"]
[SourceDate "2021.07.31"]
[SourceVersion "1"]
[SourceVersionDate "2021.07.31"]
[SourceQuality "1"]

1. c4 e5 2. g3 Nf6 3. Bg2 d5 4. cxd5 Nxd5 5. Nf3 Nc6 6. Nc3 Nb6 7. 0-0 Be7 8. Rb1 0-0 9. b4 a6 10. a4 f6 11. b5 axb5 12. axb5 Nd4 13. e3 Nxf3+ 14. Bxf3 f5 15. Qb3+ Kh8 16. d3 Qxd3 17. Rd1 Qc4 18. Qxc4 Nxc4 19. Nd5 Bd6 20. b6 c6 21. Nc7 Bxc7 22. bxc7 e4 23. Be2 Ne5 24. Rd8 Kg8 25. Bb2 Nf7 26. Bc4 b5 27. Bb3 c5 28. Bd5 Ra7 29. Be5 b4 30. Bd6 h6 31. Rxf8+ Kh7 32. Rxc8 Nxd6 33. Ra8 Rxc7 34. Ra6 Nb5 35. Rc6 Rxc6 36. Bxc6 Nc3 37. Rb2 Nd1 38. Rc2 Nc3 39. Kg2 Kg6 40. Bd7 Kf6 41. Be8 Ke5 42. Bf7 Kd6 43. Bc4 Kc6 44. Kf1 Nb5 45. Bxb5+ Kxb5 46. Ke1 c4 47. Kd2 Kc5 48. Ra2 Kb6 49. Ra8 c3+ 50. Kc2 Kc5 51. Rc8+ Kb5 52. Rb8+ Kc4 53. Rc8+ Kb5 54. Kb3 g5 55. Rc4 Ka5 56. Rxb4 c2 57. Rc4 Kb5 58. Rxc2 1-0

[Event "Berlin Spandau op"]
[Site "Berlin"]
[Date "2019.12.30"]
[Round "7"]
[White "Niering, Martin"]
[Black "Schmidt, Markus"]
[Result "1-0"]
[WhiteElo "2218"]
[BlackElo "2070"]
[PlyCount "79"]
[EventDate "2019.12.27"]
[EventType "swiss"]
[EventRounds "7"]
[EventCountry "GER"]
[SourceTitle "CBM 194 Extra"]
[Source "ChessBase"]
[SourceDate "2020.03.31"]
[SourceVersion "1"]
[SourceVersionDate "2020.03.31"]
[SourceQuality "1"]

1. e4 c5 2. Nc3 Nc6 3. Bb5 e5 4. d3 Nge7 5. Nf3 d6 6. a4 h6 7. Nd2 g6 8. Nf1 Bg7 9. h3 0-0 10. g4 d5 11. Bxc6 bxc6 12. Ng3 Ba6 13. b3 Qc7 14. Ba3 c4 15. dxc4 dxc4 16. Qd6 Qxd6 17. Bxd6 Bf6 18. b4 Rfd8 19. Rd1 Bb7 20. Bc5 Rxd1+ 21. Kxd1 a5 22. Ke2 axb4 23. Bxb4 c5 24. Bxc5 Nc6 25. Rb1 Ra5 26. Rb5 Bd8 27. f3 Ba6 28. Rxa5 Bxa5 29. Nb5 Bxb5 30. axb5 Nd4+ 31. Bxd4 exd4 32. Nf1 Kf8 33. Nd2 Bxd2 34. Kxd2 Ke7 35. f4 Kd6 36. e5+ Kc5 37. f5 gxf5 38. gxf5 Kxb5 39. e6 fxe6 40. f6 1-0